<?xml version="1.0" encoding="UTF-8"?>
<record
    xmlns:xsi="http://www.w3.org/2001/XMLSchema-instance"
    xsi:schemaLocation="http://www.loc.gov/MARC21/slim http://www.loc.gov/standards/marcxml/schema/MARC21slim.xsd"
    xmlns="http://www.loc.gov/MARC21/slim">

  <leader>02800nam a2200289 a 4500</leader>
  <controlfield tag="003">OSt</controlfield>
  <controlfield tag="005">20260210133933.0</controlfield>
  <controlfield tag="007">cr ||||||a|c|a</controlfield>
  <controlfield tag="008">230512s2019    mx a|||fom||| 001 0 spa d</controlfield>
  <datafield tag="040" ind1=" " ind2=" ">
    <subfield code="e">rda</subfield>
  </datafield>
  <datafield tag="100" ind1="1" ind2=" ">
    <subfield code="9">186980</subfield>
    <subfield code="a">Guti&#xE9;rrez Cervantes, Mar&#xED;a Hortensia</subfield>
  </datafield>
  <datafield tag="245" ind1="1" ind2="0">
    <subfield code="a">Efecto de la cascarilla de cacahuate (Arachis hypogaea) como sustrato en el cultivo de nochebuena (Euphorbia pulcherrima W.) Var. Prestige /</subfield>
    <subfield code="c">por Mar&#xED;a Hortensia Guti&#xE9;rrez Cervantes; director de tesis Humberto Villegas Rodr&#xED;guez.</subfield>
  </datafield>
  <datafield tag="264" ind1=" " ind2="1">
    <subfield code="a">Chapingo, M&#xE9;xico :</subfield>
    <subfield code="b">El autor,</subfield>
    <subfield code="c">2019.</subfield>
  </datafield>
  <datafield tag="300" ind1=" " ind2=" ">
    <subfield code="a">1 recurso en l&#xED;nea (51 p&#xE1;ginas):</subfield>
    <subfield code="b">cuadros, figuras.</subfield>
  </datafield>
  <datafield tag="336" ind1=" " ind2=" ">
    <subfield code="2">rdacontent</subfield>
    <subfield code="a">texto</subfield>
    <subfield code="b">txt</subfield>
  </datafield>
  <datafield tag="337" ind1=" " ind2=" ">
    <subfield code="2">rdamedia</subfield>
    <subfield code="a">computadora</subfield>
    <subfield code="b">c</subfield>
  </datafield>
  <datafield tag="338" ind1=" " ind2=" ">
    <subfield code="2">rdacarrier</subfield>
    <subfield code="a">recurso en l&#xED;nea</subfield>
    <subfield code="b">cr</subfield>
  </datafield>
  <datafield tag="502" ind1=" " ind2=" ">
    <subfield code="b">LAHP</subfield>
    <subfield code="c">Fitotecnia</subfield>
    <subfield code="d">2019.</subfield>
    <subfield code="g">LIC</subfield>
  </datafield>
  <datafield tag="504" ind1=" " ind2=" ">
    <subfield code="a">Incluye referencias bibliogr&#xE1;ficas: p&#xE1;ginas 36-38.</subfield>
  </datafield>
  <datafield tag="520" ind1=" " ind2=" ">
    <subfield code="a">El presente estudio se llev&#xF3; a cabo en el pueblo de Tequexquinahuac, del municipio de Texcoco, Edo., de M&#xE9;xico, en los meses de junio a noviembre de 2018. El objetivo fue evaluar el efecto de la cascarilla de cacahuate como sustrato en la calidad de la planta de nochebuena var. Prestige. Se utilizaron dos sustratos independientes, hoja de encino (HE) y cascarilla de cacahuate (CC), se establecieron cuatro tratamientos, el primer tratamiento (testigo) 100% hoja de encino, segundo tratamiento 50% hoja de encino y 50% cascarilla de cacahuate, tercer tratamiento 25% cascarilla de cacahuate y 75% hoja de encino y cuarto tratamiento 75% cascarilla de cacahuate y 25% de hoja de encino. El dise&#xF1;o experimental utilizado fue completamente al azar, se realizaron cuatro tratamientos con 19 y 20 repeticiones cada uno. Las variables que se midieron fueron: longitud de brote lateral (cm) y di&#xE1;metro de brote (mm), evaluados cada 8 d&#xED;as; &#xE1;rea de hoja de transici&#xF3;n (cm), evaluada a partir del d&#xED;a de aparici&#xF3;n; di&#xE1;metro de br&#xE1;cteas (cm). Al momento de realizar la evaluaci&#xF3;n se tomaron dos brotes por macetas al azar de cada tratamiento. Se realiz&#xF3; el primer despunte (pinch) a los 15 d&#xED;as del trasplante. Los resultados que se obtuvieron indicaron que las proporciones de 50% HE + 50%CC y 100% HE tratamientos dos y uno respectivamente, tuvieron un crecimiento m&#xE1;s r&#xE1;pido y de mayor longitud de brotes laterales seguidos de los tratamientos tres (75%HE + 25%CC) y cuatro (25%HE + 75%CC).</subfield>
  </datafield>
  <datafield tag="650" ind1=" " ind2="4">
    <subfield code="9">186981</subfield>
    <subfield code="a">C&#xE1;scara de cachuate como sustrato</subfield>
  </datafield>
  <datafield tag="650" ind1=" " ind2="4">
    <subfield code="9">145366</subfield>
    <subfield code="a">Sustratos de crecimiento</subfield>
  </datafield>
  <datafield tag="650" ind1=" " ind2="4">
    <subfield code="9">41307</subfield>
    <subfield code="a">Flor de nochebuena</subfield>
    <subfield code="x">Crecimiento</subfield>
  </datafield>
  <datafield tag="700" ind1="1" ind2=" ">
    <subfield code="9">119771</subfield>
    <subfield code="a">Villegas Rodr&#xED;guez, Humberto</subfield>
    <subfield code="e">Director de tesis.</subfield>
  </datafield>
  <datafield tag="856" ind1=" " ind2=" ">
    <subfield code="u">http://10.13.5.2/tesis/tl/Gutierrez_Cervantes_Maria_Hortencia.pdf</subfield>
    <subfield code="z">DESCARGAR PDF</subfield>
  </datafield>
  <datafield tag="942" ind1=" " ind2=" ">
    <subfield code="2">Clasificaci&#xF3;n Universidad Aut&#xF3;noma Chapingo</subfield>
    <subfield code="c">TD</subfield>
  </datafield>
  <datafield tag="999" ind1=" " ind2=" ">
    <subfield code="c">218731</subfield>
    <subfield code="d">218731</subfield>
  </datafield>
  <datafield tag="952" ind1=" " ind2=" ">
    <subfield code="0">0</subfield>
    <subfield code="1">0</subfield>
    <subfield code="2">local</subfield>
    <subfield code="4">0</subfield>
    <subfield code="5">1</subfield>
    <subfield code="7">0</subfield>
    <subfield code="8">TesDigL</subfield>
    <subfield code="a">BD</subfield>
    <subfield code="b">BD</subfield>
    <subfield code="c">E_L</subfield>
    <subfield code="d">2023-05-12</subfield>
    <subfield code="l">0</subfield>
    <subfield code="o">Tesis digital</subfield>
    <subfield code="r">2023-05-12 00:00:00</subfield>
    <subfield code="w">2023-05-12</subfield>
    <subfield code="y">TD</subfield>
  </datafield>
</record>
